Plant cells (Record no. 21159)

MARC details
000 -LEADER
fixed length control field 00347nam a2200145Ia 4500
082 ## - DEWEY DECIMAL CLASSIFICATION NUMBER
Classification number 581:576.3
Item number CLO
100 ## - MAIN ENTRY--AUTHOR NAME
Personal name CLOWE, Fal
245 #0 - TITLE STATEMENT
Title Plant cells
260 ## - PUBLICATION, DISTRIBUTION, ETC. (IMPRINT)
Place of publication Oxford
Name of publisher Blackwell
Year of publication 1968
490 ## - SERIES STATEMENT
Series statement Botanical monographs
650 ## - SUBJECT ADDED ENTRY--TOPICAL TERM
Topical Term Plant cell
700 ## - ADDED ENTRY--PERSONAL NAME
Personal name JONIPER, B E
942 ## - ADDED ENTRY ELEMENTS (KOHA)
Koha item type Books
Holdings
Withdrawn status Lost status Damaged status Not for loan Home library Current library Date acquired Full call number Accession Number Koha item type
        RRII Library RRII Library 16/12/2021 581:576.3 CLO 01879 Books